Geography Subcategory 'O' Quiz Stats

 Plays Quiz not verified by Sporcle

Support Sporcle.
Go Orange.
Score 0/19 Timer 06:00
0 Plays Today
Question Answer % Correct
What is the Capital City of Norway?Oslo
97.5%
The Flag of Ireland consists of stripes of Green, White and ________.Orange
97%
What is the only 'O' Continent?Oceania
96.7%
This Continent is located mainly in the Pacific ________.Ocean
95.9%
What is the World's only 'O' Country?Oman
94.4%
This US City is named after the most populous 'O' City in France: New ________Orleans
92%
By being Independent since year 301, San Marino is the Worlds ________ independent Country.Oldest
91.3%
In what Province do you find Canada's Capital Ottawa?Ontario
87.9%
The name of the highest peak in both Greece and Cyprus is Mt. ________.Olympus
82.2%
Scottish archipelago: ________ HebridesOuter
59.8%
Question Answer % Correct
What is the World's most populous 'O' City?Osaka
52.2%
The ________ is one of the longest Rivers in South America, is located mainly in Venezuela and makes up part of the border with Colombia.Orinoco
49.4%
A large part of the German-Polish border consists of what River?Oder
43.2%
What is the only 'O' State in Mexico?Oaxaca
41.1%
The former independent Ryukyu Kingdom is now the ________ Prefecture in Japan.Okinawa
39.2%
What is the Capital City of ArubaOranjestad
32.1%
What is the second-largest city in Kyrgyzstan?Osh
30.2%
This lake is also known as Florida's Inland Sea.Okeechobee
28.3%
The ________ in northern Botswana is a River Delta and a UNESCO World Heritage site.Okavango
27.8%

You're not logged in!

Compare scores with friends on all Sporcle quizzes.
OR
Log In

From the Vault

Hand-Drawn History IX

by ddavey1983

The pre-history version of this is just cave paintings.
Remove Ads.
Support Sporcle.
Get the best of Sporcle when you Go Orange. This ad-free experience offers more features, more stats, and more fun while also helping to support Sporcle. Thank you for becoming a member.

Show Comments

Extras

Top Quizzes Today


Score Distribution

Your Account Isn't Verified!

In order to create a playlist on Sporcle, you need to verify the email address you used during registration. Go to your Sporcle Settings to finish the process.

Report this User

Report this user for behavior that violates our Community Guidelines.

Details: